000 01926cam a2200493 a 4500
001 20662
003 VRT
005 20260128150154.0
008 251029s2016 vp g 000 p slo
015 _aSNBZSA2021/03
020 _a9788651703167
_q(brož.)
039 9 _a202510291317
_bVLOAD
_c202403182252
_dVLOAD
_c202103161416
_dmsnk18
_c202103151757
_dmsnk18
040 _aTTKJF
_bslo
_cTTKJF
_dSNK
_eAACR2
041 0 _aslo
044 _arb
_cRS
_axo
_cSK
072 7 _a821.162.4-1
_xSlovenská poézia
_2konspekt
080 _a821.162.4-1
_22011
080 _a(0:82-13)
_22011
080 _a(082.21)
_22011
100 1 _aHviezdoslav, Pavol Országh,
_d1849-1921
_4aut
245 1 0 _aHájnikova žena
_nII.
_cPavol Országh Hviezdoslav
250 _a1. vyd.
260 _a[Beograd]
_bLiber Novus
_a[Bratislava]
_bRingier Axel Springer Slovakia
_c[2016]
300 _a63 s.
_c21 cm
490 1 _aSlovenská klasika
_v12
490 1 _aNový čas Knižnica
500 _aKniha je vyrobená exkluzívne pre denník Nový čas v rámci projektu Nový čas Knižnica
500 _aArchaizmy: s. 63
655 7 _aslovenská poézia
_2SNKPH
655 7 _aSlovak poetry
_2SNKPHeng
655 7 _aepická poézia
_2SNKPH
655 7 _avýbery
_2SNKPH
655 7 _aEpic poetry
_2SNKPHeng
655 7 _aSelections
_2SNKPHeng
810 2 _aNový čas.
_tKnižnica
830 0 _aSlovenská klasika
942 _2ddc
_cKLDO
_n0
949 _63830001116089
_akurukT18/HVIE1-43
_bkuruk2016/F7486
_oD2016/Ján Culka/3.1.2017dolný index 2
949 _617A1390013
_asnkSC 177748/2
_bsnk2019/25485
_o1744/19+1 mpl
_s6100:20210729
949 _617A1390014
_asnkSC 177748/2 D1
_bsnk2019/25487
_o1744/19+1 mpl
949 _63830001119453
_akurukT18/HVIE1-43
_bkuruk2017/F5985
_oD2017/SAV/4.10.2017/Venéniovádolný index 2
949 _6270001000531467
_asvkbbA 148076-2
_bsvkbbm 762436
999 _c20662
_d20662